Statistics for Animals By Picture - Letter P

Click here to take the quiz!

General Stats

  • This quiz has been taken 284 times
  • The average score is 13 of 15

Answer Stats

Answer% Correct
Pig
100%
Penguin
98%
Parrot
96%
Peacock
95%
Pigeon
95%
Polar Bear
95%
Platypus
94%
Panther
93%
Pelican
90%
Porcupine
90%
Python
90%
Praying Mantis
82%
Piranha
74%
Partridge
35%
Pika
32%

Score Distribution

Percentile by Number Answered

Percent of People with Each Score

Your Score History

You have not taken this quiz